| 000 | 01524nam a2200373 i 4500 | ||
|---|---|---|---|
| 001 | 192999 | ||
| 003 | SpMaBN | ||
| 005 | 20241004144404.0 | ||
| 007 | ta | ||
| 008 | 230721s2022 sp | |||| 000 f spa | ||
| 017 |
_aAL 2849-2022 _bOficina Depósito Legal Almería |
||
| 020 | _a9788411553483 | ||
| 035 | _aa7222340 | ||
| 040 |
_aSpMaBN _bspa _cSpMaBN _erda _dEs-MaACL |
||
| 080 | _a821.134.2-31"19" | ||
| 100 |
_aÁlvarez Prieto, José Félix, _9233774 _d1941- _eaut |
||
| 245 | 1 | 0 |
_aVivir deprisa y empezar de nuevo / _cJosé-Félix Álvarez Prieto. |
| 250 | _aPrimera edición: octubre 2022 | ||
| 264 | 1 |
_a[Roquetas de Mar] : _bCírculo Rojo Editorial, _c[2022] |
|
| 300 |
_a631 páginas ; _c24 cm |
||
| 336 |
_aTexto _2rdacontent |
||
| 337 |
_asin mediación _2rdamedia |
||
| 338 |
_avolumen _2rdacarrier |
||
| 500 | _aCatalogación provisional. Signatura: N 8695 y N 8696. Depósito J. | ||
| 655 | 7 |
_aNovelas de aprendizaje _2tgfbne _9233775 |
|
| 852 |
_aES-MaACL _bR.154477 _cDEPOJ _jN-8695 _gDedicatoria manuscrita del autor _hDonación: José Felix Alvarez Prieto _9200304 _zEn proceso |
||
| 852 |
_aES-MaACL _bR.154477 _cDEPOJ _jN-8696 _hDonación: José Félix Alvarez Prieto _9200303 _zEn proceso |
||
| 903 |
_aÁlvarez Prieto, José Félix, _d1941- _9233774 _ednr |
||
| 942 |
_n0 _cMONOGRAFIA |
||
| 999 |
_c192999 _d192999 |
||